Tăng cường quản lý công tác giáo dục đạo đức tại các trường Tiểu học quận Thanh Khê - T.P Đà Nẵng
Cơ sở lý luận của việc tăng cường quản lý công tác giáo dục đạo đức tại các trường TH. Thực trạng của việc quản lý công tác giáo dục đạo đức tại các trường TH Q. Thanh Khê - T.P Đà Nẵng. Biện pháp quản lý nhằm nâng cao hiệu quả dạy học môn Tiếng Anh cho SV trường ĐHSP - ĐHĐN. Biện pháp tăng cường qu...
Đã lưu trong:
| Príomhúdar: | |
|---|---|
| Údair Eile: | |
| Formáid: | Leabhar |
| Teanga: | Vietnamese |
| Foilsithe: |
Đà Nẵng
ĐH Đà Nẵng
2007
|
| Ábhair: | |
| Clibeanna: |
Cuir Clib Leis
Gan Chlibeanna, Bí ar an gcéad duine leis an taifead seo a chlibeáil!
|
| Thư viện lưu trữ: | Mạng thư viện Đại học Đà Nẵng |
|---|
| LEADER | 02012nam a2200397 4500 | ||
|---|---|---|---|
| 001 | 000010812 | ||
| 003 | 7031 | ||
| 005 | 20111221101211.0 | ||
| 008 | 111221s2007 viesd | ||
| 041 | |a vie | ||
| 082 | |a 370.114 |b NG-P | ||
| 100 | |a Nguyễn Văn Phước |e Tác giả | ||
| 245 | |a Tăng cường quản lý công tác giáo dục đạo đức tại các trường Tiểu học quận Thanh Khê - T.P Đà Nẵng |c Nguyễn Văn Phước | ||
| 260 | |a Đà Nẵng |b ĐH Đà Nẵng |c 2007 | ||
| 300 | |a 104 tr |c 29 cm |e 1 tóm tắt | ||
| 500 | |a Luận văn Thạc sĩ Giáo dục học. Chuyên ngành: Quản lý Giáo dục. Mã số: 60.14.05 | ||
| 520 | |a Cơ sở lý luận của việc tăng cường quản lý công tác giáo dục đạo đức tại các trường TH. Thực trạng của việc quản lý công tác giáo dục đạo đức tại các trường TH Q. Thanh Khê - T.P Đà Nẵng. Biện pháp quản lý nhằm nâng cao hiệu quả dạy học môn Tiếng Anh cho SV trường ĐHSP - ĐHĐN. Biện pháp tăng cường quản lý công tác giáo dục đạo đức tại các trường Tiểu học quận Thanh Khê - T.P Đà Nẵng. | ||
| 653 | |a Luận văn | ||
| 653 | |a Thạc sĩ Giáo dục học | ||
| 653 | |a Quản lý Giáo dục | ||
| 653 | |a Biện pháp | ||
| 653 | |a Quản lý công tác GD | ||
| 653 | |a Đạo đức | ||
| 653 | |a Quận Thanh Khê | ||
| 653 | |a T.P Đà Nẵng | ||
| 700 | |a Hà Nhật Thăng |c PGS.TS. |e Người hướng dẫn | ||
| OWN | |a LSP | ||
| AVA | |a UDN50 |b LSP |d 370.114 NG-P |e available |t Error 5001 Not defined in file expand_doc_bib_avail. |f 1 |g 0 |h N |i 0 |k 1 | ||
| 999 | |a From the UDN01 | ||
| AVA | |a UDN50 |b LSP |d 370.114 NG-P |e available |t Error 5001 Not defined in file expand_doc_bib_avail. |f 1 |g 0 |h N |i 0 |k 1 | ||
| TYP | |a Monograph | ||
| TYP | |a Printed language | ||
| 980 | |a Mạng thư viện Đại học Đà Nẵng | ||